| 000 | 01185nam a2200217Ia 4500 | ||
|---|---|---|---|
| 003 | Ost | ||
| 005 | 20260507075354.0 | ||
| 008 | 260507s9999||||xx |||||||||||||| ||und|| | ||
| 020 | _a2209350977 | ||
| 040 | _cfsecg | ||
| 041 | _aara | ||
| 082 | _a330 | ||
| 100 |
_aعبد السلام، محمد _eمؤلف |
||
| 245 | 0 |
_aالتسويق : _bالمبادئ والمفاهيم الأساسية في إدارة النشاط التسويقي / _c محمد عبد السلام |
|
| 260 |
_aالقاهرة: _bدار الكتاب الحديث, _c2008 |
||
| 300 |
_a726 صفحة؛ _bإيضاحات ؛ _c24 سم |
||
| 520 | _aالتسويق، التطور والاهمية النسبية- تطور مفهوم التسويق-البيئة التسويقية- نظام المعلومات التسويقية- بحوث التسويق- أساليب المعاينة والقياس وتجهيز البيانات- دراسة سلوك المستهلك- القطاعات السوقية- المزيج التسويقي- السلعة - التسعير- قنوات التوزيع- المزيج الترويجي | ||
| 653 | _aأدارة المبيعات | ||
| 653 | _aالتسويق | ||
| 942 | _cكتاب | ||
| 999 |
_c44178 _d44178 |
||